| 000 | 02108nam a22003255i 4500 | ||
|---|---|---|---|
| 001 | 21873458 | ||
| 005 | 20260606142658.0 | ||
| 008 | 210119s2021 cau 000 0 eng | ||
| 010 | _a 2021931020 | ||
| 020 |
_a9789353887506 _q(paperback) |
||
| 020 |
_z9789353887513 _q(epub) |
||
| 020 |
_z9789353887520 _q(ebook) |
||
| 035 | _a21873458 | ||
| 040 |
_aDLC _beng _erda _cDLC |
||
| 042 | _apcc | ||
| 082 | _a152.4 | ||
| 100 | 1 |
_aPurushothaman, Rajagopalan, _eauthor. |
|
| 245 | 1 | 0 |
_aEmotional intelligence / _cRajagopalan Purushothaman. |
| 263 | _a2102 | ||
| 264 | 1 |
_aThousand Oaks : _bSAGE Publishing, _c2021. |
|
| 336 |
_atext _btxt _2rdacontent |
||
| 337 |
_aunmediated _bn _2rdamedia |
||
| 338 |
_avolume _bnc _2rdacarrier |
||
| 490 | 0 | _aSage essentials | |
| 520 |
_a"In the digital world, the significance of emotional intelligence (EI) will gain further importance as technologies such as artificial intelligence (AI) and automation partly or fully replace human intervention. Humans will be valued by their unique characteristics and skills in the digital world. There is no doubt that EI is one of the differentiating future competencies in Industry 4.0. The book helps in understanding each component of EI along with its meaning, significance and application in our professional and personal lives. It talks about the five main elements of EI, namely self-awareness, self-regulation, self-motivation, empathy and social skills that allow us to escape from the ordinary. The necessary foundation for building EI is based on the three main components of mindfulness, resilience and compassion, which are also discussed in the book. It further provides steps for driving with EI and is filled with EI self-assessment tools and exercises. Emotional Intelligence shares the recipe for lifelong health, good relationships, professional and personal success, and happiness"-- _cProvided by publisher. |
||
| 856 |
_uhttps://sk.sagepub.com/books/emotional-intelligence _yRead SAGE E-Book |
||
| 906 |
_a0 _bibc _corignew _d2 _eepcn _f20 _gy-gencatlg |
||
| 942 |
_2ddc _cEBOOK |
||
| 999 |
_c44747 _d44747 |
||